书目信息 |
| 题名: |
康德书信百封
|
|
| 作者: | 康德 著 ;李秋零 编译 | |
| 分册: | ||
| 出版信息: | 上海 上海人民出版社 2006.02 |
|
| 页数: | 290页 | |
| 开本: | 23cm | |
| 丛书名: | ||
| 单 册: | ||
| 中图分类: | B516.31 | |
| 科图分类: | ||
| 主题词: | 哲学家--zhe xue jia--书信集--德国--近代 | |
| 电子资源: | ||
| ISBN: | 7-208-05920-9 | |
| 000 | 00880cam0 2200253 450 | |
| 001 | CAL 012006033736 | |
| 005 | 20060605090138.62 | |
| 010 | @a7-208-05920-9@dCNY 28.00 | |
| 099 | @aCAL 012006033736 | |
| 100 | @a20060314d2006 em y0chiy0121 ea | |
| 101 | 1 | @achi@cger |
| 102 | @aCN@b310000 | |
| 200 | 1 | @a康德书信百封@Akang de shu xin bai feng@f李秋零编译 |
| 210 | @a上海@c上海人民出版社@d2006.02 | |
| 215 | @a290页@d23cm | |
| 330 | @a本书挑选了康德各个不同时期的重要通信一百封,反映了康德生平中的著述、教学、生活、交往、宗教等各方面内容。 | |
| 600 | 1 | @a康德@Akang de@g(Kant, Immanuel),@f1724-1804@x书信集 |
| 606 | 0 | @a哲学家@Azhe xue jia@x书信集@y德国@z近代 |
| 690 | @aB516.31@v4 | |
| 701 | 1 | @a康德@Akang de@g(Kant, Immanuel),@f1724-1804@4著 |
| 702 | 0 | @a李秋零@Ali qiu ling@4编译 |
| 801 | 0 | @aCN@b541@c20060605 |
| 905 | @dB516.31@eL2331 | |
| 906 | @dCNY 28.00@n3@r1 | |
| 康德书信百封/李秋零编译.-上海:上海人民出版社,2006.02 |
| 290页;23cm |
| ISBN 7-208-05920-9:CNY 28.00 |
| 本书挑选了康德各个不同时期的重要通信一百封,反映了康德生平中的著述、教学、生活、交往、宗教等各方面内容。 |
| ● |
| 相关链接 |
|
|
|
正题名:康德书信百封
索取号:B516.31/L2331
 
预约/预借
| 序号 | 登录号 | 条形码 | 馆藏地/架位号 | 状态 | 备注 |
| 1 | 605349 | 206053492 | 社科库509/509社科库 17排3列1层/ [索取号:B516.31/L2331] | 在馆 | |
| 2 | 605350 | 206053508 | 社科库509/509社科库 17排3列1层/ [索取号:B516.31/L2331] | 在馆 | |
| 3 | 605351 | 206053517 | 社科库509/509社科库 17排3列1层/ [索取号:B516.31/L2331] | 在馆 |